000 01351nam0a2200325 4500
001 RU\NLR\bibl\524205
005 20260607044615.0
010 _a5-93927-094-8
_95000
021 _aRU
_b2004-25482
_91287
035 _a(NLR Aleph) 000516589
090 _a1266666
_c1266666
100 _a20040527d2004 |||y0rusy50 ca
101 0 _arus
102 _aRU
105 _aa |||||||||
200 1 _aВоображение и творческое мышление
_eПсиходиагностические методики
_fМ.В. Ильина
210 _aМ.
_cКниголюб
_d2004
215 _a53 с.
_cил.
_d21
225 1 _aСерия "Психологическая служба"
320 _aБиблиогр.: с. 51-52
606 0 _aДети
_jРуководства, пособия и т.п.
_xТворческое мышление
_92124537
_3RU\NLR\auth\661282524
606 0 _aДети
_jРуководства, пособия и т.п.
_xВоображение
_92095725
_3RU\NLR\auth\661268019
686 _aЮ983.513.1я7
686 _aЮ983.514я7
700 1 _4070
_7ca
_8rus
_aИльина
_bМ. В.
_cспец. по дошк. педагогике
_gМарина Васильевна
_97040
_3RU\NLR\auth\7723987
801 0 _aRU
_bNLR
_c20040527
_gPSBO
801 1 _aRU
_bNLR
_c20040527
942 _cBOOK
980 _aNB